Diseño e implementación de una máquina de control numérico computarizado (cnc) tipo gantry, para corte y grabado usando diodo laser
En el presente documento se presenta un Control Numérico Computarizado (CNC), usando tecnología láser y tecnología ARM (microcontrolador de nanotecnología) como un aporte social y científico técnico para disminuir la brecha tecnológica y aportar al desarrollo del país.
| Main Author: | |
|---|---|
| Other Authors: | |
| Format: | Tesis Section = Libro |
| Language: | Undetermined Spanish |
| Published: |
Managua
UNI
2021
|
| Subjects: |
| LEADER | 01108nam a2200253Ia 4500 | ||
|---|---|---|---|
| 008 | 240830s9999 xx 000 0 und d | ||
| 040 | |a BIBLIOTECA-RUSB/ Mon 621.9023 N321 | ||
| 041 | |a spa | ||
| 082 | |a Mon 621.9023 N321 | ||
| 100 | 1 | |a Navarrete Sotelo, Bryan Israel | |
| 245 | 1 | 0 | |a Diseño e implementación de una máquina de control numérico computarizado (cnc) tipo gantry, para corte y grabado usando diodo laser |
| 260 | |a Managua |b UNI |c 2021 | ||
| 300 | |a 110 p. :il. | ||
| 500 | |a Incluye anexos y CD. | ||
| 502 | |a Tesis (Ingeniero Electrónico) - UNI, 1994. | ||
| 520 | 3 | |a En el presente documento se presenta un Control Numérico Computarizado (CNC), usando tecnología láser y tecnología ARM (microcontrolador de nanotecnología) como un aporte social y científico técnico para disminuir la brecha tecnológica y aportar al desarrollo del país. | |
| 650 | 7 | |a MAQUINA | |
| 650 | 7 | |b CONTROL NUMERICO | |
| 650 | 7 | |c MAQUINAS ELECTRICAS | |
| 650 | 7 | |d SOFTWARE DE CONTROL | |
| 700 | 1 | |a Tutor: |b Arcia Salmerón, José Manuel | |
| 942 | |c BK |2 ddc | ||
| 991 | |a TESIS | ||
| 999 | |c 22190 | ||